|
|
|
|
| LEADER |
01228cam a2200301 7i4500 |
| 001 |
0000029068 |
| 005 |
20180817090000.0 |
| 020 |
|
|
|a 0324780842 (pbk.)
|
| 020 |
|
|
|a 9780324780840 (pbk.)
|
| 090 |
0 |
0 |
|a QA76
|b .P35 2010
|
| 100 |
1 |
|
|a Parsons, June Jamrich
|
| 245 |
1 |
0 |
|a Computer concepts 2010 :
|b comprehensive
|c June Jamrich Parsons, Dan Oja.
|
| 260 |
|
|
|a Boston, MA:
|b Course Technology, Cengage Learning,
|c 2010.
|
| 300 |
|
|
|a xxiv, 795 p.:
|b col. ill.;
|c 28 cm..
|
| 490 |
0 |
|
|a New perspectives
|
| 500 |
|
|
|a Includes index
|
| 501 |
|
|
|a With CD-ROM : New perspectives on computer concepts 2010
|
| 650 |
0 |
0 |
|a Electronic data processing
|
| 650 |
0 |
0 |
|a Electronic digital computers
|
| 650 |
0 |
0 |
|a Computers
|
| 700 |
1 |
|
|a Oja, Dan
|
| 997 |
|
|
|a Communication, Visual Art & Computing, Faculty
|b Computing, Department
|
| 998 |
|
|
|a Computer Science, Degree
|
| 998 |
|
|
|a Computer Science (Network Security and Digital Forensic), Degree
|
| 999 |
|
|
|a 0000034570
|b BOK
|c OPEN SHELF
|e 2nd Floor, Bestari Jaya
|
| 999 |
|
|
|a 0000037435
|b BOK
|c OPEN SHELF
|e 2nd Floor, Bestari Jaya
|
| 999 |
|
|
|a CDR0001365
|b CD-ROM
|c OPEN SHELF
|e Circulation Counter, Bestari Jaya
|
| 999 |
|
|
|a CDR0001418
|b CD-ROM
|c CD-ROM
|e Circulation Counter, Bestari Jaya
|